000 01621nam a2200397Ia 4500
001 ebr10559002
003 CaPaEBR
006 m u
007 cr cn|||||||||
008 100312s2009 quc sb 001 0deng d
010 _z 2010277709
020 _z9780773535886
020 _z0773535888
020 _z9780773535879
020 _z077353587X
020 _z9780773576599
040 _aCaPaEBR
_cCaPaEBR
035 _a(OCoLC)760072439
050 1 4 _aE92
_b.M43 2009eb
082 0 4 _a346.71304/3208997
_222
100 1 _aMcNab, David,
_d1947-
245 1 0 _aNo place for fairness
_h[electronic resource] :
_bindigenous land rights and policy in the Bear Island case and beyond /
_cDavid T. McNab.
260 _aMontreal ;
_aIthaca :
_bMcGill-Queen's University Press,
_cc2009.
300 _ax, 238 p.
490 1 _aMcGill-Queen's Native and northern series ;
_v58
504 _aIncludes bibliographical references (p. [221]-232) and index.
533 _aElectronic reproduction.
_bPalo Alto, Calif. :
_cebrary,
_d2013.
_nAvailable via World Wide Web.
_nAccess may be limited to ebrary affiliated libraries.
650 0 _aIndigenous peoples
_zOntario
_xClaims.
650 0 _aIndigenous peoples
_xLand tenure
_zOntario.
650 0 _aIndigenous peoples
_zOntario
_xGovernment relations.
650 0 _aIndian land transfers
_zOntario.
655 7 _aElectronic books.
_2local
710 2 _aebrary, Inc.
830 0 _aMcGill-Queen's native and northern series ;
_v58.
856 4 0 _uhttp://site.ebrary.com/lib/rucke/Doc?id=10559002
_zAn electronic book accessible through the World Wide Web; click to view
999 _c191429
_d191429